000 01094nam a2200289 i 4500
005 20260622171139.0
008 260521t20242024my ado gr 001 0 eng d
020 _a9789835220920
_cRM60.00
_qpaperback
040 _aPPAK
_beng
_cPPAK
_erda
082 0 4 _223
_a624.151
090 0 0 _a624.151
_bGRO
_dG
245 0 0 _aGROUND IMPROVEMENT AND STRUCTURAL DESIGN APPLICATIONS IN GEOTECHNICAL ENGINEERING /
_cEDITORS: SITI NORAFIDA JUSOH, NOR ZURAIRAHETTY MOHD YUNUS
250 _aFirst Edition 2024
264 1 _aJohor Bahru, Johor :
_bPENERBIT UTM PRESS,
_c2024
264 4 _c©2024
300 _axii, 176 pages :
_billustrations, charts, photographs ;
_c25 cm
336 _atext
_2rdacontent
337 _aunmediated
_2rdamedia
338 _avolume
_2rdacarrier
504 _aIncludes bibliographical references and index.
650 1 0 _aGeotechnical engineering
650 2 0 _aEngineering geology
650 2 0 _aGovernment publications
_zMalaysia
700 0 _aSiti Norafida Jusoh,
_eeditor.
700 0 _aNor Zurairahetty Mohd Yunus,
_eeditor.
942 _2ddc
_cB
999 _c204395
_d204395